Kasih seorang anak

Bibliographic Details
Main Author: Suziana Che Wil
Format: Book
Published: Selangor : Penerbitan Ilmu Setia , 2005
Series:Siri permata hati
Subjects:

MARC

LEADER 00000cam a2200000 7i4500
001 0000001259
005 20151222.0
008 070703
020 |a 983329409X(set) 
020 |a 9833294138 
090 0 0 |a JF   |b MAL 
100 1 |a Suziana Che Wil 
245 1 0 |a Kasih seorang anak   |c Suziana Che Wil 
260 |a Selangor :   |b Penerbitan Ilmu Setia ,   |c 2005 
440 |a Siri permata hati 
500 |a Children ages 10-12 years old (pink) 
650 0 |a Judul 
650 0 |a Malay fiction 
650 0 |a Siri 
999 |a 0000957657   |b Book   |c Children Collection   |e Cawangan Muar 
999 |a 0000957658   |b Book   |c Children Collection   |e Cawangan Pontian